000 00622nam a2200217Ia 4500
003 OSt
005 20220928133014.0
006 a|||||r|||| 00| 0
007 ta
008 220927b |||||||| |||| 00| 0 eng d
024 _a39256
037 _cTextual
040 _aSDCL
_cSDCL
_beng
041 _2eng
_aeng
082 _aV2,k,L'M12t, A.1-.3
100 _aFirminger Walter Kelly Ed.
_9483995
245 0 _aAffairs of the East India company
260 _aDelhi
_bNeeraj Publishing House
_c1812
942 _hV2,k,L'M12t, A.1-.3
_cTEXL
_2CC
999 _c797271
_d797271